Дело по прошению графа Эссена-Стенбок-Фермора о дозволении ему давать в устроенном им пассаже маскарады

Доступно только в Электронных читальных залах Найти на картеНа карте
RUSMARC
00003743nmc2a22000003x 450
001fcbaf6c0-563d-49fa-acb7-be3833c1c839
00520181229132927.0
100##$a20170704l18481848k l0rusy0189 ca
1010#$arus
102##$aRU
2001#$aДело по прошению графа Эссена-Стенбок-Фермора о дозволении ему давать в устроенном им пассаже маскарады
$j29 августа - 4 сентября 1848 г.
251##$cДело
300##$aПо Канцелярии директора за 1848 год
300##$aДело
801#0$aRU
$bРГИА
$c20170704
$gRCR
801#1$aRU
$bГлавНИВЦ
$c20170704
$2rusmarc
801#2$aRU
$bПБ им. Б.Н. Ельцина
$c20181229
$gRCR
$2rusmarc
850##$aРГИА
852##$aРГИА
$eФедеральное казенное учреждение "Российский государственный исторический архив" (РГИА)
$j11912
937##$hРГИА
$d12247740
$aASBIBLIO_SCAN
462#0$1001dd3991dc-24e1-42ec-8838-ca4255420416
$12001
$a1746-1850 гг.
$1251
$cОпись
$1852
$j1
461#0$10019264ebf8-de62-4f1a-9eb4-9f22098dbbd5
$12001
$aДирекция императорских театров МИДв
$1251
$cФонд
$1852
$j497
215##$a9 л.
$d36,5х26 см
371##$aДокумент не является опубликованным и широко распространяемым
105##$ay###
1222#$ad
035##$afcbaf6c0-563d-49fa-acb7-be3833c1c839
856##$uhttp://readingroom.main.prlib.ru/item.aspx?id_node=n122681321&mode=full
Формат отображения